[Event "Open de la Constitución 2019"]
[Site "S. S. de los Reyes ESP"]
[Date "2019.12.08"]
[Round "9.5"]
[White "Sacristan Virseda, Fernando"]
[Black "Quevedo Marin, Manuel"]
[Result "0-1"]
[WhiteElo "1880"]
[BlackElo "2197"]
[PlyCount "84"]
[EventDate "2019.11.30"]
[EventType "swiss"]
[EventRounds "9"]
[EventCountry "ESP"]
[SourceTitle "Ajedrez en Madrid"]
[Source "lmi"]
[SourceDate "2019.11.30"]
[SourceVersion "1"]
[SourceVersionDate "2019.12.16"]
[SourceQuality "1"]

1. e4 c5 2. Nc3 Nc6 3. g3 g6 4. Bg2 Bg7 5. d3 d6 6. Be3 Rb8 7. f4 b5 8. Rb1 b4
9. Nce2 e5 10. Nf3 Qa5 11. O-O Nge7 12. fxe5 dxe5 13. c3 O-O 14. Qc2 Ba6 15.
Rfd1 Rfd8 16. Nc1 bxc3 17. Nb3 Qxa2 18. Nxc5 Rxb2 19. Rxb2 cxb2 20. Rb1 Rb8 21.
Bf1 Bc8 22. Nd2 Be6 23. Nxe6 Qxe6 24. Rxb2 Rxb2 25. Qxb2 h5 26. Nf3 Qd7 27. Qa2
Nd4 28. Ng5 Nec6 29. h4 Bf6 30. Bh3 Qe7 31. Kg2 Kg7 32. Bc8 Qc7 33. Ba6 Nb4 34.
Qa4 Qc2+ 35. Qxc2 Ndxc2 36. Bxa7 Nxa6 37. Nf3 Nab4 38. d4 Nxd4 39. Bxd4 exd4
40. e5 Bd8 41. Nxd4 Bb6 42. e6 f5 0-1

[Event "Open de la Constitución 2019"]
[Site "S. S. de los Reyes ESP"]
[Date "2019.12.08"]
[Round "9.6"]
[White "Longa Yauca, Javier"]
[Black "Bassani, Jaison Jose"]
[Result "1-0"]
[WhiteElo "2198"]
[BlackElo "2013"]
[PlyCount "73"]
[EventDate "2019.11.30"]
[EventType "swiss"]
[EventRounds "9"]
[EventCountry "ESP"]
[SourceTitle "Ajedrez en Madrid"]
[Source "lmi"]
[SourceDate "2019.11.30"]
[SourceVersion "1"]
[SourceVersionDate "2019.12.16"]
[SourceQuality "1"]

1. d4 Nf6 2. c4 g6 3. Nc3 Bg7 4. e4 d6 5. Nge2 O-O 6. g3 Nbd7 7. Bg2 e5 8. O-O
exd4 9. Nxd4 c6 10. b3 Re8 11. Re1 Nc5 12. h3 a5 13. Rb1 Nfd7 14. Be3 Nf6 15.
Qc2 Qe7 16. Rbd1 Bd7 17. Bf4 Nh5 18. Nxc6 Bxc6 19. Bxd6 Qf6 20. e5 Qg5 21. Bxc5
Bxg2 22. Kxg2 Rxe5 23. Rxe5 Bxe5 24. Be3 Qf6 25. Nd5 Qc6 26. Qe4 Re8 27. Qf3
Kg7 28. a4 Re6 29. Bb6 Rd6 30. Bxa5 Nf6 31. Bb4 Rd7 32. Bc3 Rxd5 33. Rxd5 Bxc3
34. Qxc3 Kg8 35. Qf3 Nxd5 36. Qxd5 Qb6 37. c5 1-0

[Event "Open de la Constitución 2019"]
[Site "S. S. de los Reyes ESP"]
[Date "2019.12.08"]
[Round "9.7"]
[White "Perez Ordoñez, Jose Ramon"]
[Black "Pindado Campos, Raul"]
[Result "0-1"]
[WhiteElo "2149"]
[BlackElo "2100"]
[PlyCount "68"]
[EventDate "2019.11.30"]
[EventType "swiss"]
[EventRounds "9"]
[EventCountry "ESP"]
[SourceTitle "Ajedrez en Madrid"]
[Source "lmi"]
[SourceDate "2019.11.30"]
[SourceVersion "1"]
[SourceVersionDate "2019.12.16"]
[SourceQuality "1"]

1. d4 Nf6 2. c4 g6 3. Nc3 Bg7 4. Nf3 O-O 5. e4 d6 6. Be2 e5 7. O-O Nc6 8. d5
Ne7 9. Nd2 Nd7 10. b4 f5 11. c5 Nf6 12. f3 f4 13. a4 g5 14. Ba3 Rf7 15. Nc4 Bf8
16. b5 Ng6 17. b6 axb6 18. cxb6 Ne8 19. bxc7 Rxc7 20. Kh1 h5 21. Bb4 g4 22.
fxg4 hxg4 23. g3 Rh7 24. Qe1 Bh6 25. Kg1 f3 26. Bd3 Nf4 27. Bc2 Ng2 28. Qf2 Qg5
29. Nb5 Qh5 30. h4 Nxh4 31. gxh4 Bf4 32. Be1 g3 33. Qxf3 Qxh4 34. Qg2 Bh3 0-1

[Event "Open de la Constitución 2019"]
[Site "S. S. de los Reyes ESP"]
[Date "2019.12.08"]
[Round "9.8"]
[White "Marcos Herrero, Francisco"]
[Black "Lopez de Turiso, Jose Angel"]
[Result "0-1"]
[WhiteElo "1788"]
[BlackElo "1947"]
[PlyCount "88"]
[EventDate "2019.11.30"]
[EventType "swiss"]
[EventRounds "9"]
[EventCountry "ESP"]
[SourceTitle "Ajedrez en Madrid"]
[Source "lmi"]
[SourceDate "2019.11.30"]
[SourceVersion "1"]
[SourceVersionDate "2019.12.16"]
[SourceQuality "1"]

1. Nf3 Nf6 2. c4 c5 3. Nc3 b6 4. g3 Bb7 5. Bg2 e6 6. O-O Be7 7. d4 cxd4 8. Qxd4
Nc6 9. Qd1 a6 10. b3 O-O 11. Bb2 Qc7 12. e4 d6 13. Qe2 Rfd8 14. Rfd1 Rab8 15.
Rac1 h6 16. Nd5 Qd7 17. Nxb6 Qe8 18. Na4 Nb4 19. Nc3 a5 20. e5 dxe5 21. Nxe5
Bxg2 22. Kxg2 Bd6 23. Kg1 Bxe5 24. Qxe5 Nd3 25. Rxd3 Rxd3 26. Ne4 Qd8 27. Nxf6+
gxf6 28. Qf4 e5 29. Qg4+ Kh7 30. c5 Rb4 31. Qh5 Rd7 32. Ba3 Rbd4 33. Rc3 Rd1+
34. Kg2 Rc7 35. b4 axb4 36. Bxb4 Qd5+ 37. Kh3 Rd2 38. Rf3 Qe6+ 39. Kg2 Rxa2 40.
c6 Kg7 41. g4 Ra4 42. Rh3 Qxc6+ 43. Kg3 f5 44. Bd2 Rxg4+ 0-1

[Event "Open de la Constitución 2019"]
[Site "S. S. de los Reyes ESP"]
[Date "2019.12.08"]
[Round "9.9"]
[White "Cabañas Bravo, Juan Andres"]
[Black "Estevez Sacristan, Deva"]
[Result "0-1"]
[WhiteElo "2063"]
[BlackElo "1719"]
[PlyCount "42"]
[EventDate "2019.11.30"]
[EventType "swiss"]
[EventRounds "9"]
[EventCountry "ESP"]
[SourceTitle "Ajedrez en Madrid"]
[Source "lmi"]
[SourceDate "2019.11.30"]
[SourceVersion "1"]
[SourceVersionDate "2019.12.16"]
[SourceQuality "1"]

1. e4 e6 2. d4 d5 3. Nd2 Be7 4. Bd3 c5 5. dxc5 Nf6 6. b4 a5 7. c3 axb4 8. cxb4
dxe4 9. Bb5+ Nc6 10. Bb2 O-O 11. a3 Nd4 12. Bc4 e5 13. Ne2 Bg4 14. h3 Bh5 15.
g4 e3 16. fxe3 Nxg4 17. hxg4 Bh4+ 18. Kf1 Bxg4 19. Ne4 Bf3 20. Nf2 Qg5 21. Rxh4
Bg2+ 0-1

[Event "Open de la Constitución 2019"]
[Site "S. S. de los Reyes ESP"]
[Date "2019.12.08"]
[Round "9.10"]
[White "De Vicente Guijarro, Juan"]
[Black "Martin Rodriguez, Emilio"]
[Result "0-1"]
[WhiteElo "1853"]
[BlackElo "2030"]
[PlyCount "144"]
[EventDate "2019.11.30"]
[EventType "swiss"]
[EventRounds "9"]
[EventCountry "ESP"]
[SourceTitle "Ajedrez en Madrid"]
[Source "lmi"]
[SourceDate "2019.11.30"]
[SourceVersion "1"]
[SourceVersionDate "2019.12.16"]
[SourceQuality "1"]

1. e4 c6 2. d4 d5 3. exd5 cxd5 4. Nf3 Nc6 5. Ne5 Nf6 6. Bb5 Bd7 7. Nxd7 Qxd7 8.
O-O e6 9. Re1 Be7 10. c3 O-O 11. Nd2 a6 12. Bf1 b5 13. a3 Rfb8 14. Nf3 Qc7 15.
Ne5 Bd6 16. f4 a5 17. Qf3 Ne4 18. Bd3 f5 19. g4 g6 20. h4 b4 21. axb4 axb4 22.
Rxa8 Rxa8 23. gxf5 exf5 24. Be3 bxc3 25. bxc3 Ne7 26. c4 Bxe5 27. fxe5 Ra3 28.
Qe2 dxc4 29. Bxc4+ Kg7 30. Rc1 Qb7 31. Kh2 Nd5 32. Bxd5 Qxd5 33. Rc7+ Kg8 34.
Bc1 Qxd4 35. Rc8+ Kf7 36. Bxa3 Qxe5+ 37. Kg1 Qg3+ 38. Kf1 Qxa3 39. Qc4+ Kg7 40.
Qc7+ Kh6 41. Qf4+ Kh5 42. Rc7 Qd3+ 43. Kg2 Qe2+ 44. Kg1 h6 45. Rc1 Qg4+ 46.
Qxg4+ fxg4 47. Kg2 Kxh4 48. Rc6 Kg5 49. Ra6 h5 50. Ra5+ Kf4 51. Ra8 Nd6 52.
Rf8+ Nf5 53. Rg8 Kg5 54. Ra8 h4 55. Rb8 h3+ 56. Kh2 Kf4 57. Rb4+ Kf3 58. Rb3+
Ne3 59. Rb5 Nf5 60. Rb3+ Kf4 61. Rb4+ Kg5 62. Rb5 Kh4 63. Rb8 g3+ 64. Kg1 g5
65. Rb4+ g4 66. Rb8 Kg5 67. Rg8+ Kf4 68. Ra8 g2 69. Ra4+ Kg3 70. Ra3+ Kh4 71.
Ra8 Nd4 72. Ra4 Nf3+ 0-1

[Event "Open de la Constitución 2019"]
[Site "S. S. de los Reyes ESP"]
[Date "2019.12.08"]
[Round "9.11"]
[White "Rodriguez Garcia, Alberto"]
[Black "Aziz Ortego, Omar Luis"]
[Result "1-0"]
[WhiteElo "1831"]
[BlackElo "2019"]
[PlyCount "137"]
[EventDate "2019.11.30"]
[EventType "swiss"]
[EventRounds "9"]
[EventCountry "ESP"]
[SourceTitle "Ajedrez en Madrid"]
[Source "lmi"]
[SourceDate "2019.11.30"]
[SourceVersion "1"]
[SourceVersionDate "2019.12.16"]
[SourceQuality "1"]

1. e4 d6 2. d4 g6 3. Nf3 Bg7 4. Nc3 Nc6 5. Be3 e5 6. dxe5 Nxe5 7. Nxe5 Bxe5 8.
Bd4 Be6 9. g3 Qf6 10. Bxe5 dxe5 11. Qd3 a6 12. Qe3 Qe7 13. a3 Nf6 14. Be2 Rd8
15. O-O O-O 16. Rad1 c5 17. Rxd8 Rxd8 18. Rd1 Rd4 19. Qg5 Nd5 20. Qxe5 Nxc3 21.
bxc3 Rxd1+ 22. Bxd1 Qd8 23. Be2 Qb6 24. Kg2 f6 25. Qf4 c4 26. e5 f5 27. Qd4 Qc7
28. Bf3 b5 29. Bd5 Kf7 30. f4 Ke7 31. Bxe6 Kxe6 32. h4 h5 33. Kf2 Qc6 34. Qd8
Qc5+ 35. Ke2 Qxa3 36. Qf6+ Kd5 37. Kd2 Qc5 38. Qxg6 Ke4 39. Qxh5 Qe3+ 40. Kd1
Qg1+ 41. Kd2 Qe3+ 42. Kd1 Qg1+ 43. Kd2 b4 44. Qe2+ Kd5 45. Qe3 bxc3+ 46. Qxc3
Qf1 47. Qe3 Qg2+ 48. Kc3 Qe4 49. Qd2+ Kc6 50. Qd6+ Kb7 51. Qb4+ Ka7 52. Qxc4
Qe1+ 53. Kb2 a5 54. Qc3 Qe2 55. Qxa5+ Kb7 56. Qd5+ Kc7 57. Qd3 Qf2 58. Qxf5
Qb6+ 59. Kc3 Qa5+ 60. Kd3 Qa3+ 61. Kd2 Qa5+ 62. Ke2 Qa8 63. Qf7+ Kb6 64. Qe6+
Kb5 65. Qd7+ Kc4 66. Qd3+ Kc5 67. Qf3 Qa6+ 68. Kf2 Qa2 69. Kg2 1-0

[Event "Open de la Constitución 2019"]
[Site "S. S. de los Reyes ESP"]
[Date "2019.12.08"]
[Round "9.12"]
[White "Campos Rodriguez, Alvaro"]
[Black "Ramos Fernandez, Pedro"]
[Result "1/2-1/2"]
[WhiteElo "1691"]
[BlackElo "2008"]
[PlyCount "82"]
[EventDate "2019.11.30"]
[EventType "swiss"]
[EventRounds "9"]
[EventCountry "ESP"]
[SourceTitle "Ajedrez en Madrid"]
[Source "lmi"]
[SourceDate "2019.11.30"]
[SourceVersion "1"]
[SourceVersionDate "2019.12.16"]
[SourceQuality "1"]

1. e4 e5 2. Nf3 Nc6 3. Bc4 Nf6 4. Ng5 d5 5. exd5 Na5 6. d3 h6 7. Nf3 e4 8. Qe2
Nxc4 9. dxc4 Bc5 10. Nfd2 O-O 11. O-O Bg4 12. Qe1 Re8 13. Nb3 Bd6 14. Nc3 Qd7
15. Ne2 Qa4 16. h3 Bf3 17. Nc3 Qd7 18. Nd4 Bc5 19. Be3 Bxd4 20. Bxd4 Qf5 21.
Nd1 Nh5 22. Ne3 Qd7 23. Qd2 Nf4 24. Kh2 Bxg2 25. Ng4 e3 26. fxe3 Bxf1 27. Rxf1
Ng6 28. Qf2 Re4 29. Kh1 Rxd4 30. exd4 h5 31. Ne5 Qxh3+ 32. Kg1 Nxe5 33. dxe5
Qg4+ 34. Kh2 Qg6 35. Rg1 Qh6 36. Qf6 Qh7 37. d6 Qxc2+ 38. Kh1 Qe4+ 39. Kh2 Qe2+
40. Kh1 Qe4+ 41. Kh2 Qe2+ 1/2-1/2

[Event "Open de la Constitución 2019"]
[Site "S. S. de los Reyes ESP"]
[Date "2019.12.08"]
[Round "9.13"]
[White "De Dompablo Fantova, Juan"]
[Black "Bello Burguet, Glenier Lazaro"]
[Result "1-0"]
[WhiteElo "1598"]
[BlackElo "2001"]
[PlyCount "125"]
[EventDate "2019.11.30"]
[EventType "swiss"]
[EventRounds "9"]
[EventCountry "ESP"]
[SourceTitle "Ajedrez en Madrid"]
[Source "lmi"]
[SourceDate "2019.11.30"]
[SourceVersion "1"]
[SourceVersionDate "2019.12.16"]
[SourceQuality "1"]

1. e4 e5 2. Nf3 Nc6 3. Bc4 Nf6 4. d3 Bc5 5. c3 O-O 6. O-O d5 7. exd5 Nxd5 8. b4
Be7 9. Re1 Nb6 10. Bb3 Bg4 11. h3 Bxf3 12. Qxf3 Bf6 13. Nd2 a5 14. b5 a4 15.
bxc6 axb3 16. cxb7 Rxa2 17. Rxa2 bxa2 18. Bb2 Qb8 19. Ne4 Be7 20. Ng3 Na4 21.
Ba1 Nc5 22. d4 Nxb7 23. Nf5 Bf6 24. dxe5 Re8 25. Re2 Rxe5 26. Rxa2 Na5 27. Kh2
c6 28. g3 g6 29. Nd4 Kg7 30. Rb2 Qe8 31. Ra2 Nc4 32. Ra4 Nd2 33. Qxc6 Qxc6 34.
Nxc6 Re1 35. Nd4 Ne4 36. Kg2 Nc5 37. Ra8 Nd3 38. Ra2 Rd1 39. Ra7 Rd2 40. Kf3
Bg5 41. h4 Rxf2+ 42. Ke4 Nc5+ 43. Kd5 Be3 44. Kxc5 Rg2 45. c4 Rxg3 46. Kd5 Kh6
47. Rxf7 Rg1 48. Ra7 Kh5 49. c5 Kxh4 50. Rxh7+ Kg4 51. Bc3 Rc1 52. Ba5 Rd1 53.
Bc3 Rc1 54. Bb2 Rb1 55. Re7 Bg1 56. Re4+ Kh3 57. Bc3 Rc1 58. Kc4 g5 59. Ne2 Rf1
60. Nxg1+ Rxg1 61. c6 Rf1 62. c7 Rf8 63. Kc5 1-0

[Event "Open de la Constitución 2019"]
[Site "S. S. de los Reyes ESP"]
[Date "2019.12.08"]
[Round "9.14"]
[White "Alonso Abad, Enrique"]
[Black "Montiel Miguelez, Manuel"]
[Result "1-0"]
[WhiteElo "1994"]
[BlackElo "1811"]
[PlyCount "55"]
[EventDate "2019.11.30"]
[EventType "swiss"]
[EventRounds "9"]
[EventCountry "ESP"]
[SourceTitle "Ajedrez en Madrid"]
[Source "lmi"]
[SourceDate "2019.11.30"]
[SourceVersion "1"]
[SourceVersionDate "2019.12.16"]
[SourceQuality "1"]

1. e4 c5 2. Nc3 d6 3. g3 g6 4. Bg2 Bg7 5. d3 Nf6 6. h3 Nc6 7. f4 Bd7 8. Nf3 O-O
9. O-O Rb8 10. g4 e6 11. Ne2 Qb6 12. Kh2 Qc7 13. Be3 b5 14. Kh1 Ne8 15. Rb1 b4
16. Qe1 Qa5 17. Qh4 h6 18. f5 Kh7 19. fxg6+ fxg6 20. Bxh6 Bxh6 21. Ng5+ Kg7 22.
Rxf8 Kxf8 23. Rf1+ Ke7 24. Nf7+ g5 25. Qxh6 c4 26. e5 d5 27. Qxg5+ Kf8 28. Nh6+
1-0

[Event "Open de la Constitución 2019"]
[Site "S. S. de los Reyes ESP"]
[Date "2019.12.08"]
[Round "9.15"]
[White "Blanco Martin, Oscar"]
[Black "Campos Calvo-Sotelo, Javier"]
[Result "1/2-1/2"]
[WhiteElo "1692"]
[BlackElo "1951"]
[PlyCount "72"]
[EventDate "2019.11.30"]
[EventType "swiss"]
[EventRounds "9"]
[EventCountry "ESP"]
[SourceTitle "Ajedrez en Madrid"]
[Source "lmi"]
[SourceDate "2019.11.30"]
[SourceVersion "1"]
[SourceVersionDate "2019.12.16"]
[SourceQuality "1"]

1. c4 e5 2. g3 g6 3. Bg2 Bg7 4. Nc3 d6 5. b4 Ne7 6. Qb3 O-O 7. e3 c6 8. Nge2
Be6 9. d4 f5 10. Rb1 Nd7 11. a4 Rc8 12. Ba3 b5 13. d5 bxc4 14. Qd1 cxd5 15.
Nxd5 Kh8 16. O-O Nxd5 17. Bxd5 Bxd5 18. Qxd5 Nf6 19. Qd1 d5 20. Rc1 Rf7 21. Bb2
Qd6 22. b5 Rd7 23. Qc2 Ne4 24. Rfd1 Nc5 25. Ba3 Qe6 26. Bb2 Rdc7 27. Rb1 Nb3
28. Bc3 h6 29. Qb2 Nc5 30. Qc2 Ne4 31. Ba5 Rd7 32. f3 Nc5 33. Kg2 Nb3 34. Rxb3
d4 35. exd4 exd4 36. Nf4 Qe8 1/2-1/2

[Event "Open de la Constitución 2019"]
[Site "S. S. de los Reyes ESP"]
[Date "2019.12.08"]
[Round "9.17"]
[White "Nuevo Benitez, Miguel Angel"]
[Black "Sanchez Sanz, Alejandro"]
[Result "0-1"]
[WhiteElo "1707"]
[BlackElo "1745"]
[PlyCount "41"]
[EventDate "2019.11.30"]
[EventType "swiss"]
[EventRounds "9"]
[EventCountry "ESP"]
[SourceTitle "Ajedrez en Madrid"]
[Source "lmi"]
[SourceDate "2019.11.30"]
[SourceVersion "1"]
[SourceVersionDate "2019.12.16"]
[SourceQuality "1"]

1. d4 Nf6 2. c4 e6 3. a3 a5 4. Nc3 d5 5. Bg5 Nbd7 6. cxd5 exd5 7. Nxd5 c6 8.
Nc3 Qb6 9. Na4 Qc7 10. e3 Bd6 11. Nf3 O-O 12. Bd3 Re8 13. Nc3 Ng4 14. Ne4 Nf8
15. Nxd6 Qxd6 16. Bf4 Qxf4 17. O-O Qh6 18. Rc1 Be6 19. e4 a4 20. e5 Qh5 21. Nd2
0-1

[Event "Open de la Constitución 2019"]
[Site "S. S. de los Reyes ESP"]
[Date "2019.12.08"]
[Round "9.18"]
[White "Minguela Munoz, Bienvenido"]
[Black "Martinez-Paul Exposito, Ignacio Jesus"]
[Result "1-0"]
[WhiteElo "1827"]
[BlackElo "1148"]
[PlyCount "105"]
[EventDate "2019.11.30"]
[EventType "swiss"]
[EventRounds "9"]
[EventCountry "ESP"]
[SourceTitle "Ajedrez en Madrid"]
[Source "lmi"]
[SourceDate "2019.11.30"]
[SourceVersion "1"]
[SourceVersionDate "2019.12.16"]
[SourceQuality "1"]

1. Nf3 Nc6 2. d4 d5 3. c4 e6 4. Nc3 Nf6 5. Bg5 Be7 6. e3 Ng8 7. Bf4 Nf6 8. Rc1
h6 9. Bd3 Bd7 10. O-O O-O 11. Be5 Nxe5 12. dxe5 Ne8 13. cxd5 exd5 14. Nxd5 Be6
15. Nxe7+ Qxe7 16. Bb1 c6 17. Qc2 g6 18. Nd4 Ng7 19. f4 Nf5 20. Nxf5 Bxf5 21.
e4 Bd7 22. Qf2 a6 23. Qg3 Rae8 24. Rfd1 Bc8 25. Rd6 Kh7 26. a3 g5 27. fxg5 Qxg5
28. Qxg5 hxg5 29. Rc5 Re7 30. e6 f6 31. e5+ Kg7 32. exf6+ Rxf6 33. Rxg5+ Kh6
34. Re5 Bxe6 35. Ba2 Ref7 36. Rdxe6 Kg7 37. Rxf6 Rxf6 38. Re7+ Kg6 39. Re6 a5
40. Rxf6+ Kxf6 41. Kf2 b6 42. Ke3 Ke5 43. g4 b5 44. h4 c5 45. h5 Kf6 46. h6 Kg6
47. g5 b4 48. axb4 cxb4 49. Bb3 Kh7 50. Kf4 Kg6 51. Bc2+ Kf7 52. g6+ Kg8 53.
Bb3+ 1-0

[Event "Open de la Constitución 2019"]
[Site "S. S. de los Reyes ESP"]
[Date "2019.12.08"]
[Round "9.19"]
[White "Villaverde Casalengua, Jose Luis"]
[Black "Alfaya Martinez, Enrique"]
[Result "1-0"]
[WhiteElo "1675"]
[BlackElo "1560"]
[PlyCount "59"]
[EventDate "2019.11.30"]
[EventType "swiss"]
[EventRounds "9"]
[EventCountry "ESP"]
[SourceTitle "Ajedrez en Madrid"]
[Source "lmi"]
[SourceDate "2019.11.30"]
[SourceVersion "1"]
[SourceVersionDate "2019.12.16"]
[SourceQuality "1"]

1. e4 c5 2. Nc3 d6 3. g3 Nf6 4. Bg2 Nc6 5. d3 Nd4 6. h3 a6 7. Nge2 e5 8. f4 Be7
9. g4 Nxe2 10. Qxe2 Nd7 11. O-O O-O 12. Be3 exf4 13. Bxf4 Nb6 14. e5 dxe5 15.
Bxe5 Bd6 16. Bxd6 Qxd6 17. Qf2 Qc7 18. Rae1 Be6 19. b3 Rad8 20. Ne4 Bd5 21.
Nxc5 Bxg2 22. Kxg2 Nd5 23. Ne4 Nb4 24. a3 Nxc2 25. Rc1 Rc8 26. a4 Rfd8 27. Kg1
Rxd3 28. Rxc2 Qxc2 29. Qxf7+ Kh8 30. Qf8+ 1-0

[Event "Open de la Constitución 2019"]
[Site "S. S. de los Reyes ESP"]
[Date "2019.12.08"]
[Round "9.20"]
[White "Rubio Gonzalez, Beltran"]
[Black "Lozano Hernanz, Rodrigo"]
[Result "*"]
[WhiteElo "1596"]
[BlackElo "1485"]
[PlyCount "157"]
[EventDate "2019.11.30"]
[EventType "swiss"]
[EventRounds "9"]
[EventCountry "ESP"]
[SourceTitle "Ajedrez en Madrid"]
[Source "lmi"]
[SourceDate "2019.11.30"]
[SourceVersion "1"]
[SourceVersionDate "2019.12.16"]
[SourceQuality "1"]

1. d4 Nf6 2. c4 e6 3. Nc3 Bb4 4. Qb3 Bxc3+ 5. Qxc3 O-O 6. Bg5 h6 7. Bxf6 Qxf6
8. Nf3 Nc6 9. e4 a5 10. Bd3 Nb4 11. Bb1 b6 12. a3 Bb7 13. b3 Nc6 14. O-O Ne7
15. Qe3 Ng6 16. e5 Qf4 17. Nd2 Qxe3 18. fxe3 Ne7 19. Bc2 Bc6 20. Nb1 Bb7 21.
Nc3 Bc6 22. b4 Rfb8 23. Bd3 Ra7 24. b5 Bb7 25. Rf2 Rf8 26. Raf1 Raa8 27. g4 Ng6
28. h3 Rac8 29. Kh2 Nh4 30. Kg3 Ng6 31. h4 Ne7 32. h5 d5 33. c5 bxc5 34. dxc5
c6 35. b6 Rcd8 36. Rf4 Ra8 37. a4 Rab8 38. Na2 Rbd8 39. Nc1 Rc8 40. Nb3 Ra8 41.
Nd4 Rad8 42. Nb3 Ra8 43. Rd4 Rfd8 44. Rd1 Rd7 45. Rf1 Rdd8 46. Kh4 Rf8 47. Rdf4
Nc8 48. Bg6 f5 49. exf6 gxf6 50. Rxf6 Ne7 51. Rxf8+ Rxf8 52. Rxf8+ Kxf8 53. Bd3
e5 54. Nxa5 Ba8 55. b7 Bxb7 56. Nxb7 Ke8 57. a5 Kd7 58. a6 Kc7 59. g5 e4 60.
Be2 Nf5+ 61. Kg4 Nxe3+ 62. Kf4 Ng2+ 63. Ke5 hxg5 64. h6 Nh4 65. h7 Ng6+ 66. Kd4
Kb8 67. Nd8 g4 68. Bxg4 e3 69. Kxe3 Ka7 70. Be2 Nh8 71. Nxc6+ Ka8 72. Ne7 d4+
73. Kxd4 Ng6 74. Nxg6 Ka7 75. c6 Kb6 76. h8=Q Ka5 77. a7 Kb4 78. Qb8+ Ka4 79.
a8=R# *

[Event "Open de la Constitución 2019"]
[Site "S. S. de los Reyes ESP"]
[Date "2019.12.08"]
[Round "9.21"]
[White "Diez Cuarental, Luis Pablo"]
[Black "Santamaria Farran, Pablo"]
[Result "0-1"]
[WhiteElo "1208"]
[BlackElo "1808"]
[PlyCount "52"]
[EventDate "2019.11.30"]
[EventType "swiss"]
[EventRounds "9"]
[EventCountry "ESP"]
[SourceTitle "Ajedrez en Madrid"]
[Source "lmi"]
[SourceDate "2019.11.30"]
[SourceVersion "1"]
[SourceVersionDate "2019.12.16"]
[SourceQuality "1"]

1. e4 c5 2. Nf3 e6 3. d4 cxd4 4. Nxd4 Nc6 5. Nb3 Nf6 6. Nc3 Be7 7. Be2 a6 8.
Be3 d6 9. Qd2 b5 10. f4 b4 11. Na4 Nxe4 12. Qd3 f5 13. Nb6 Rb8 14. Nxc8 Qxc8
15. Qxa6 Qxa6 16. Bxa6 O-O 17. O-O Bf6 18. Rab1 Ne7 19. Nd4 Kf7 20. Bc4 Bxd4
21. Bxd4 Nd2 22. Bxe6+ Kxe6 23. Rfe1+ Ne4 24. Bxg7 Rg8 25. Bd4 Kf7 26. a3 Nd2
0-1

[Event "Open de la Constitución 2019"]
[Site "S. S. de los Reyes ESP"]
[Date "2019.12.08"]
[Round "9.23"]
[White "Garcia Minguez, Antonio"]
[Black "Solanilla Olcese, Ada"]
[Result "1-0"]
[WhiteElo "1542"]
[BlackElo "1379"]
[PlyCount "83"]
[EventDate "2019.11.30"]
[EventType "swiss"]
[EventRounds "9"]
[EventCountry "ESP"]
[SourceTitle "Ajedrez en Madrid"]
[Source "lmi"]
[SourceDate "2019.11.30"]
[SourceVersion "1"]
[SourceVersionDate "2019.12.16"]
[SourceQuality "1"]

1. d4 d5 2. Nf3 Bf5 3. e3 Nf6 4. c4 e6 5. Nc3 Nbd7 6. Qb3 Rb8 7. cxd5 exd5 8.
Nxd5 Be6 9. Nxf6+ Nxf6 10. Qc2 Bd5 11. Be2 Bd6 12. O-O O-O 13. Nd2 Re8 14. Bf3
Bxf3 15. Nxf3 Ne4 16. Bd2 Ng5 17. Qd1 Qf6 18. Nxg5 Qxg5 19. e4 Bf4 20. Bxf4
Qxf4 21. e5 Rbd8 22. g3 Qxd4 23. Qxd4 Rxd4 24. f4 Rd2 25. b3 Rc2 26. Rf2 Rxf2
27. Kxf2 Rd8 28. Re1 Rd2+ 29. Re2 Rd5 30. Ke3 Kf8 31. Rd2 Rc5 32. Ke4 Ke7 33.
f5 Rc6 34. g4 f6 35. e6 Rd6 36. Rc2 c6 37. a4 a6 38. b4 b5 39. axb5 axb5 40. h4
g6 41. Ra2 gxf5+ 42. gxf5 1-0

[Event "Open de la Constitución 2019"]
[Site "S. S. de los Reyes ESP"]
[Date "2019.12.08"]
[Round "9.25"]
[White "Sanchez Villodres, Mario"]
[Black "Vallespin Morales, Antonio"]
[Result "0-1"]
[WhiteElo "1187"]
[BlackElo "1407"]
[PlyCount "112"]
[EventDate "2019.11.30"]
[EventType "swiss"]
[EventRounds "9"]
[EventCountry "ESP"]
[SourceTitle "Ajedrez en Madrid"]
[Source "lmi"]
[SourceDate "2019.11.30"]
[SourceVersion "1"]
[SourceVersionDate "2019.12.16"]
[SourceQuality "1"]

1. e4 c5 2. Nc3 e6 3. g3 g6 4. Bg2 Bg7 5. Nge2 Ne7 6. O-O O-O 7. d3 a6 8. f4
Nbc6 9. a3 b5 10. e5 Bb7 11. d4 cxd4 12. Nxd4 Rb8 13. Nxc6 Bxc6 14. Bxc6 dxc6
15. Qxd8 Rfxd8 16. Be3 Bf8 17. Rfd1 Nd5 18. Nxd5 cxd5 19. Ba7 Rb7 20. Be3 Rc8
21. c3 h5 22. Bd4 Be7 23. h4 Rbc7 24. Kg2 Rc4 25. Rd2 Bc5 26. b3 Bxd4 27. bxc4
Bxc3 28. Rdd1 Bxa1 29. Rxa1 Rxc4 30. Kh3 Kf8 31. Kg2 Ke7 32. Kf3 Kd7 33. Ke2
Kc6 34. Kd3 Kc5 35. Ra2 d4 36. Ra1 Rc3+ 37. Kd2 Kc4 38. a4 b4 39. Rg1 Kb3 40.
Rb1+ Kxa4 41. Ra1+ Kb5 42. Rg1 a5 43. Ke2 a4 44. g4 d3+ 45. Ke3 b3 46. Kd4 Kb4
47. Ra1 b2 48. Rb1 Kb3 49. gxh5 gxh5 50. Rg1 Rc1 51. Rg8 b1=Q 52. Rb8+ Kc2 53.
Rc8+ Kd1 54. Rg8 Qb4+ 55. Ke3 d2 56. Kd3 Rc3# 0-1

[Event "Open de la Constitución 2019"]
[Site "S. S. de los Reyes ESP"]
[Date "2019.12.08"]
[Round "9.27"]
[White "Diaz Guzman, David"]
[Black "Raskin Calvo, Elizabetta"]
[Result "1-0"]
[WhiteElo "1137"]
[BlackElo "1144"]
[PlyCount "67"]
[EventDate "2019.11.30"]
[EventType "swiss"]
[EventRounds "9"]
[EventCountry "ESP"]
[SourceTitle "Ajedrez en Madrid"]
[Source "lmi"]
[SourceDate "2019.11.30"]
[SourceVersion "1"]
[SourceVersionDate "2019.12.16"]
[SourceQuality "1"]

1. e4 c5 2. Nf3 e6 3. d4 cxd4 4. Nxd4 a6 5. Nc3 Qc7 6. a3 Nf6 7. Be3 b5 8. Qd3
Bb7 9. f3 d5 10. exd5 Nxd5 11. Nxd5 Bxd5 12. Be2 Nd7 13. f4 e5 14. Nxb5 axb5
15. Qxd5 exf4 16. Qxa8+ Nb8 17. Qe4+ Be7 18. Bxf4 Qb6 19. Bxb8 Qxb8 20. Rd1 Qc7
21. Bxb5+ Kf8 22. Qa8+ Bd8 23. Rxd8+ Ke7 24. Rxh8 Qe5+ 25. Be2 Kf6 26. Rf1+ Kg6
27. Qc6+ Qe6 28. Qxe6+ fxe6 29. Bd3+ Kh6 30. Rxh7+ Kg5 31. Rxg7+ Kh6 32. Rg8
Kh5 33. Rf7 Kh6 34. Rh7# 1-0